Tres qüestions a debat : els ciutadans més petits, municipi i educació, les ciutats educadores / els ciutadans més petits, municipi i educació, les ciutats educadores /
ISBN:
84-7794-282-X
Descripción Física:
36 p. ; 24 cm
Colección:
Temes d'educació
; 7
Materias:
Educació
Idioma:
Catalán
MARC
| LEADER | 00000nam a2200000Ia 4500 | ||
|---|---|---|---|
| 001 | 10480 | ||
| 003 | Arxiu | ||
| 005 | 20260324175614.0 | ||
| 008 | 160829s1994 spc xx s cat c | ||
| 020 | |a 84-7794-282-X | ||
| 040 | |a AGDB | ||
| 080 | |a FU-11-46 | ||
| 100 | |a Balaguer i Felip, Irene |9 222 | ||
| 245 | 1 | 0 | |a Tres qüestions a debat : |b els ciutadans més petits, municipi i educació, les ciutats educadores / |c Irene Balaguer, Alejandro Mayordomo, Marta Mata |
| 246 | 3 | 3 | |a 3 qüestions a debat |
| 260 | |a Barcelona : |b Diputació de Barcelona. Àrea d'Educació, |c 1994 | ||
| 300 | |a 36 p. ; |c 24 cm | ||
| 490 | 1 | |a Temes d'Educació ; |v 7 | |
| 650 | |a Educació |9 25969 | ||
| 700 | |a Mayordomo Pérez, Alejandro |9 34909 | ||
| 700 | 1 | |a Mata, Marta, |d 1926-2006 |9 28831 | |
| 710 | |a Barcelona (Catalunya : Província). |b Àrea d'Educació |9 8009 | ||
| 830 | 0 | |9 56036 |a Temes d'educació |v 7 | |
| 901 | |a Arxiu | ||
| 942 | |n 1 |2 udc | ||
| 952 | |0 0 |1 0 |4 0 |6 FU1146 |7 1 |9 46690 |a Arxiu |b Arxiu |d 2016-12-01 |l 0 |o FU-11-46 |p 10480 |r 2016-12-01 00:00:00 |w 2016-12-01 |y ARXIU | ||
| 999 | |c 50483 |d 50483 | ||